000 01297nam a2200349Ia 4500
001 ebr10607273
003 CaPaEBR
006 m u
007 cr cn|||||||||
008 110616s2012 dcua sb 001 0 eng d
020 _z9781555815394
020 _z1555815391
020 _z9781555817176 (ebook)
020 _z1555817173 (ebook)
040 _aCaPaEBR
_cCaPaEBR
035 _a(OCoLC)811962835
050 1 4 _aQR201.C27
_bC365 2012eb
082 0 4 _a616.9/693
_223
245 0 0 _aCandida and candidiasis
_h[electronic resource] /
_cedited by Richard A. Calderone, Cornelius J. Clancy.
250 _a2nd ed.
260 _aWashington, DC :
_bASM Press,
_cc2012.
300 _axii, vii, 524 p. :
_bill. (some col.)
504 _aIncludes bibliographical references and index.
533 _aElectronic reproduction.
_bPalo Alto, Calif. :
_cebrary,
_d2011.
_nAvailable via World Wide Web.
_nAccess may be limited to ebrary affiliated libraries.
650 0 _aCandidiasis.
650 0 _aCandida.
655 7 _aElectronic books.
_2local
700 1 _aCalderone, Richard A.,
_d1942-
700 1 _aClancy, Cornelius J.
710 2 _aebrary, Inc.
856 4 0 _uhttp://site.ebrary.com/lib/rucke/Doc?id=10607273
_zAn electronic book accessible through the World Wide Web; click to view
999 _c97717
_d97717